000 00721 aa a2200205 4500
008 081020t xxu||||| |||| 00| 0 eng d
010 _aENG-84109
020 _a8176298441
020 _c800.00 (hb)
035 _aEN-67642
082 _a658.3044
100 _aAhlawat, Pardeep
245 _aManaging IT personnel /
_cby Pardeep Ahlawat
260 _aNew Delhi
_bDeep and Deep Publications
260 _c2006
300 _axii,396p
_c22cm
500 _aIncludes bibliographical references and index
942 _2ddc
_cEN
_h658.3044
_mAHL
999 _c17076
_d17076